000
00310nam a22001337a 4500
008
171122b xxu||||| |||| 00| 0 eng d
020
_a
9781285899626
041
_a
eng
080
_2
4TH
_a
32
100
_a
20
101
_a
SHP
245
_a
THE CHANGING AMERICAN PRESIDENCY
_c
WATERMAN,R.W
942
_2
udc
_c
BK
999
_c
38299
_d
38299